Quizzes
Events
Quiz Creation
Community
Videos
Private Events
Remove Ads
Sign In
Join for FREE
Feedback
Dark Mode
Quiz Categories
Sports
Geography
Music
Movies
Television
Just For Fun
Miscellaneous
History
Literature
Language
Science
Gaming
Entertainment
Religion
Holiday
For Kids
Quiz Lab
Recent
Popular Today
Quiz Kudos Today
Editor Picks
Curator Picks
Quizzes by...
Day
Popularity
Type
Ratings
Length
Year
Community
Subscriptions
Recent Discussions
Orange Saloon
Badges
Playlists
Quests
Create
Leaderboards
Showdown
Live 5
Trivia Bingo
Activity
Puzzle Library
Sporcle Events
Private Events
Virtual Trivia
Globe League
Become a Host
Pub Owners
SporcleCon
Opinionation
Our Games
Videos
Blog
Mobile Apps
Partnerships
Remove Ads and Go Orange
Feedback
Music
Pop Music
The Beatles
Song
Album
Lyrics
Bands
Singers
Artist
Clip
Rock
Rap
Classical
Billboard
Country Music
Kpop
Taylor Swift
Music
Pop Music
The Beatles
Song
Album
Lyrics
Bands
Singers
Artist
Clip
Rock
Rap
Classical
Billboard
Country Music
Kpop
Taylor Swift
Random Quiz
Search Sporcle
×
Quiz Lab
Quiz Lab
Music
Artist
Type in answers that appear in a list
Type in answers that appear in a list
Classic
Best Score? Go Orange.
Songs with Missing Vowels 2 Stats
Can you name the Songs with Missing Vowels?
By
movielover94
7m
50 Questions
405 Plays
405 Plays
405 Plays
Comments
Comments
Give Quiz Kudos
Give Quiz Kudos
-
- Ratings
hide this ad
Replay
Link that replays current quiz
Next Quiz
Link to next quiz in quiz playlist
You Got
0%
They Got
Avg Score
56%
Avg Friend Score
Upgrade to see
Score Distribution
Jump to the score distribution portion of the page
Score
0/50
Timer
07:00
0
Plays Today
Hint
Song
% Correct
Ths Lv
This Love
93%
Rhb
Rehab
85.3%
Tkng Chncs
Taking Chances
84%
Ldy
Lady
83.8%
Hy, Sl Sstr
Hey, Soul Sister
82.3%
y f th Tgr
Eye of the Tiger
81.5%
Yh!
Yeah!
80.5%
Dn't Ch
Don't Cha
80.3%
Pggy S
Peggy Sue
79.3%
Th Rmdy
The Remedy
76.8%
TK TK
TiK Tok
73.6%
Bt t
Beat It
73.3%
Tm ftr Tm
Time After Time
71.1%
Y nd M
You and Me
70.8%
Sml
Smile
70.6%
Sh's Ldy
She's A Lady
70.3%
Lw
Low
69.3%
Vg
Vogue
68.8%
Sbtg
Sabotage
66.3%
nd f th Rd
End of the Road
65.8%
Tk n M
Take On Me
65.6%
Gvs Y Hll
Gives You Hell
63.1%
ljndr
Alejandro
60.6%
Grg n my Mnd
Georgia on my Mind
58.1%
Gt Y Bb
I Got You Babe
56.6%
Hint
Song
% Correct
mrcn P
American Pie
55.6%
Hl
Halo
55.1%
Jt
Jet
54.1%
MG
OMG
53.1%
Mcrn
Macarena
50.4%
Trbt
Tribute
48.9%
Blm t
Blame It
48.6%
Jngl Bg
Jungle Boogie
48.4%
lysss
Ulysses
46.4%
Try
I Try
46.1%
Brkvn
Breakeven
45.9%
pn rms
Open Arms
45.6%
Sk p th Sn
Soak Up the Sun
45.1%
Lk t
I Like It
41.1%
N r
No Air
40.1%
prsng
Uprising
37.7%
s
Us
34.7%
By Drnk
Buy U a Drank
32.2%
Sr Dk
Sir Duke
28.9%
n
One
28.4%
mm B
Imma Be
28.4%
Vnn
Vienna
28.2%
Fl Fn
I Feel Fine
19.2%
h (Cm Bck t Txs)
Ohio (Come Back to Texas)
15.5%
s M
Use Me
11.5%
Quiz Playlist
Details
Report
Send in Message
Add To Playlist
Classic:
Type in answers that appear in a list
Last Updated: Feb 16, 2017
Quiz Scoreboard
CHALLENGE
Sign Up to Join the Scoreboard
Show All
Scores
Hide
Comments
May contain spoilers
Recently Published
College Basketball Coaching Resumes
by pancakes188
Sports
9m
Billboard Blitz: Fleetwood Mac
by CooCooCachoo
Music
15s
Presidents Visiting Landmarks
by Hejman
History
7m
More to Explore
Quiz From the Vault
Featured Blog Post
Where Did the Easter Bunny Come From?
hide this ad
You Might Also Like...
Tags
Artist Quiz
Song Quiz
Missing Vowels
Vowel
Today's Top Quizzes in Music
Browse Music
hide this ad
Today's Top Quizzes in Artist
Browse Artist
Top Contributed Quizzes in Music
1
Taylor Swift All Songs (2024)
2
7-to-1: Billboard Hot 100 #1 Hits of 2010s
3
Guess the Artist- 70s Songs
4
Sorting Albums and Songs
5
Taylor Swift Logic Puzzle
6
KPOP LOGIC QUIZ
7
Guess the Taylor Swift song (Mystery Song)
8
2010s Album by Cover III
9
One Thing in Common: Music
10
Guess The Taylor Swift Lyrics Song #1
Explore More
Trending Topics
NBA
Anime
Marvel
Kpop
Crossword
Disney
Harry Potter
Puzzle
Soccer
Country
NFL
The Office
Song
Pokémon
WWE
hide this ad
More By:
movielover94
Quiz
Plays
Rating
Category
Featured
Created
Vowel-less Song Titles
131,579
4.28
Music
Dec 13, 2009
Almost Useless Movie Trivia IX
119,967
4.69
Movies
Oct 4, 2009
Billboard Songs of the Decade
115,609
3.85
Music
Dec 11, 2009
Films by Characters in Other Films II
108,655
4.30
Movies
Jan 21, 2010
Celebrity Before and After II
93,434
4.07
Entertainment
Nov 3, 2009
Go to Creator's Profile
Score Distribution
Quiz Creator Spotlight
movielover94
Follow
Send a Message
Quizzes Created
-
Created Quiz Play Count
-
More By This Creator
Popular Quizzes Today
1
Find the US States - No Outlines Minefield
2
Find the Countries of Europe - No Outlines Minefield
3
The Countries of the World
4
Find the US States
5
Risky Map Clicking: Biggest States A-Z
6
US States
7
Popular People in 1961
8
Movies - When Are They Set?
More Music Quizzes
Beyoncé or Destiny's Child
Published
Trending Quizzes
Risky Map Clicking: Least Populous States A-Z
1-10 Letter G Words
1-10 Letter F Words
Risky Map Clicking: Next State Alphabetically
Risky Map Clicking: Biggest States A-Z
Recently Updated
Leaping Animals
pecheneg
Reality TV Shows (A-Z)
bhenderson79
Rickey Henderson's Hall of Fame Teammates
pecheneg
Champions League XIs: Arsenal
pecheneg
Quick Pick: Celebrities in WWE's Hall of Fame
aduchscher
A-Z Keypad Blitz II
pecheneg
Multiple Oscar Actors
pecheneg
Mystery Phrase Blitz: Oscar 'Best Actors'
pecheneg
F. Scott Fitzgerald Novels
LTH
Pick 3 Villains
ddd62291
Trending Topics
Kpop
Anime
Marvel
NBA
Crossword
Harry Potter
Disney
The Office
WWE
Pokémon
Soccer
Puzzle
NFL
Country
Song
Your Account Isn't Verified!
In order to create a playlist on Sporcle, you need to verify the email address you used during registration. Go to your
Sporcle Settings
to finish the process.
Report this User
Report this user for behavior that violates our
Community Guidelines
.
Details:
Send Report
Go to the Sporcle.com Mobile Site →
Comments